Équipe du Grenoble Foot 38 2023-2024 - Statistiques

Statistiques générales
  • Ce quiz a été pris 86 fois
  • Le résultat moyen est 13 sur 26
Statistiques - réponses
Réponse % Correct
Gardien Maubleu
90%
Gardien Allain
81%
Milieu Benet
74%
Défenseur Tourraine
73%
Défenseur Nestor
70%
Attaquant Sbai
66%
Attaquant Postolachi
61%
Gardien Diop
60%
Défenseur Monfray
60%
Défenseur Paquiez
59%
Attaquant Joseph
57%
Attaquant Meissa Ba
57%
Défenseur Mendy
56%
Défenseur Diarra
54%
Milieu Rigo
50%
Milieu Valls
50%
Attaquant Sanyang
39%
Attaquant Sylvestre
39%
Milieu Touray
39%
Défenseur Xantippe
37%
Défenseur Tchaptchet
34%
Milieu Perez
33%
Attaquant Thio
31%
Milieu Isola
26%
Milieu Jeno
26%
Attaquant Jarjou
10%
Aucun quiz correspondant
Distribution des résultats
% des personnes avec chaque résultat
Percentile par nombre de réponses
Votre historique - résultats
Vous n’avez pas pris ce quiz